Introduction to finite elements in engineering (Record no. 179509)

000 -LEADER
fixed length control field 00411nam a2200133Ia 4500
008 - FIXED-LENGTH DATA ELEMENTS--GENERAL INFORMATION
fixed length control field 220217s9999||||xx |||||||||||||| ||und||
082 ## - DEWEY DECIMAL CLASSIFICATION NUMBER
Classification number 620.011 CHA
100 ## - MAIN ENTRY--PERSONAL NAME
Personal name Chandrupatla, Tirupathi R and Belegundu, Ashok D
245 #0 - TITLE STATEMENT
Title Introduction to finite elements in engineering
250 ## - EDITION STATEMENT
Edition statement 3rd
260 ## - PUBLICATION, DISTRIBUTION, ETC.
Place of publication, distribution, etc. Prenice hall of India
Name of publisher, distributor, etc. Bew Delhi
Date of publication, distribution, etc. 2002
300 ## - PHYSICAL DESCRIPTION
Extent XVIII, 453p.
Other physical details 250
650 ## - SUBJECT ADDED ENTRY--TOPICAL TERM
Topical term or geographic name entry element MECHANICHAL
Holdings
Withdrawn status Lost status Damaged status Not for loan Collection code Home library Current library Shelving location Date acquired Full call number Barcode Date last seen Price effective from Koha item type
        Mechanical Engineering Central Library Central Library Book Cart 02/18/2022 620.011 CHA 14698 10/17/2022 02/18/2022 Books

Powered by Koha